00531nam a2200169Ia 4500003000400000005001700004008004100021040000700062041001200069082001800081100007700099245010000176260004300276300001200319365001000331650002000341OSt20251204125505.0210719s1971 xx 000 0 und d cAL aKannada aK894.308 SOMK aSOMASUNDARAM (Mi Pa)dಸೋಮಸುಂದರಂ (ಮಿ ಪಾ)  aKatha bharati tamilu kathegalu.bಕಥಾ ಭಾರತಿ ತಮಿಳು ಕಥೆಗಳು.  aHosa DehalibNyashanal Buk Trastc1971 a212bPB b4cRs aKannada Fiction